000 00219 a2200097 4500
001 41252
100 _aHeyer, G
245 _aPakistan seeks security
260 _aLondon
_bLangmans Green & Co
_c
090 _c25462
_d25462
942 _aNUST-CAE
_cM
_c17183
999 _c276325
_d276325